000 01098cam a22002894a 4500
001 11996449
003 Ke-BoTe
005 20211118083704.0
008 000504s2000 tnu b 000 0 eng
010 _a 00033386
020 _a0849916275 (hc)
040 _aDLC
_cDLC
_dDLC
042 _apcc
050 0 0 _aBT102
_b.L88 2000
082 0 0 _a231
_221
100 1 _aLutzer, Erwin W.
_9903
245 1 0 _aTen lies about God :
_band how you may already be deceived /
_cErwin W. Lutzer.
246 3 _a10 lies about God
260 _aNashville :
_bWord,
_cc2000.
300 _axiii, 238 p. ;
_c25 cm.
504 _aIncludes bibliographical references.
650 0 _aGod (Christianity)
_9744
856 4 2 _3Publisher description
_uhttp://www.loc.gov/catdir/enhancements/fy0610/00033386-d.html
906 _a7
_bcbc
_corignew
_d1
_eocip
_f20
_gy-gencatlg
942 _2lcc
_cBK
_n0
999 _c330
_d330